[Event "BAN-chT2"]
[Site "Dhaka"]
[Date "2022.07.24"]
[Round "7.4"]
[White "Zahidul, Islam Khan"]
[Black "Rubel, Hossen"]
[Result "1/2-1/2"]
[WhiteElo "1660"]
[BlackElo "1789"]
[PlyCount "58"]
[EventDate "2022.07.18"]
[EventType "team-swiss"]
[EventRounds "9"]
[EventCountry "BAN"]
[SourceTitle "EXT 2023"]
[Source "ChessBase"]
[SourceDate "2022.10.05"]
[SourceVersion "1"]
[SourceVersionDate "2022.10.05"]
[SourceQuality "1"]
[WhiteTeam "Bangladesh Bank Club"]
[BlackTeam "Nurul Islam Smrity Pathagar"]
[WhiteTeamCountry "BAN"]
[BlackTeamCountry "BAN"]

1. Nf3 d5 2. d4 Nf6 3. Nbd2 e6 4. g3 c5 5. c3 Nc6 6. Bg2 cxd4 7. cxd4 Qb6 8. Nb3 Bb4+ 9. Bd2 Bxd2+ 10. Qxd2 Ne4 11. Qd1 Qb4+ 12. Nfd2 Nxd4 13. Nxd4 Qxd4 14. Nxe4 Qxd1+ 15. Rxd1 dxe4 16. Bxe4 Ke7 17. 0-0 Bd7 18. Rd2 Bc6 19. Bxc6 bxc6 20. f4 Rhd8 21. Rfd1 Rd5 22. e4 Rxd2 23. Rxd2 Rb8 24. Kf2 Rb4 25. Ke3 f5 26. e5 g5 27. b3 Re4+ 28. Kf3 gxf4 29. gxf4 Re1 1/2-1/2

[Event "Dhaka Bangabandhu op-B"]
[Site "Dhaka"]
[Date "2021.03.09"]
[Round "1"]
[White "Dewan, Shahidul Amin"]
[Black "Zahidul, Islam Khan"]
[Result "1-0"]
[WhiteElo "1996"]
[BlackElo "1671"]
[PlyCount "53"]
[EventDate "2021.03.09"]
[EventType "swiss"]
[EventRounds "9"]
[EventCountry "BAN"]
[SourceTitle "CBM 201 Extra"]
[Source "ChessBase"]
[SourceDate "2021.05.31"]
[SourceVersion "1"]
[SourceVersionDate "2021.05.31"]
[SourceQuality "1"]

1. e4 c5 2. Nf3 g6 3. d4 cxd4 4. Nxd4 Bg7 5. Be3 Nc6 6. Nc3 Nf6 7. Be2 0-0 8. Qd2 d5 9. exd5 Nxd5 10. Nxd5 Qxd5 11. Bf3 Qe5 12. Nxc6 bxc6 13. 0-0 Bb7 14. Rfe1 Rfd8 15. Qe2 Qc7 16. c3 a5 17. Bg5 Bf8 18. Qc4 c5 19. Re3 Ba6 20. Qh4 Ra7 21. Rae1 Rd3 22. Be4 Rxe3 23. Rxe3 Qd6 24. f4 Rd7 25. f5 Qe5 26. Bd3 Qd6 27. fxg6 1-0